| 000 | 00557pam a2200181 a 4500 | ||
|---|---|---|---|
| 020 | _a0471624144 | ||
| 040 | _cDLC | ||
| 082 | 0 | 0 | _a330 WIL 1988 A075 Or. |
| 245 | 0 | 0 | _aIntroduction to the theory and practice of econometrics / |
| 250 | _a2nd ed. | ||
| 260 |
_aNew York : _bWiley, _cc1988. |
||
| 300 |
_axxxvii, 1024 p. : _bill. ; _c24 cm. |
||
| 650 | 0 | _aEconometrics. | |
| 700 | 1 | _aJudge, George G. | |
| 856 | 4 | 2 | _uhttp://www.loc.gov/catdir/description/wiley032/87028569.html |
| 856 | 4 | _uhttp://www.loc.gov/catdir/toc/onix03/87028569.html | |
| 942 | _cEK | ||
| 999 |
_c15312 _d15312 |
||